MARC

LEADER 00000nam0a2200000 4500
001 174079
005 20231031164606.0
035 |a (RuTPU)RU\TPU\book\188777 
090 |a 174079 
100 |a 20100119d1900 km y0rusy50 ca 
101 0 |a ger 
102 |a AT 
105 |a a z 001zy 
200 1 |a Leitfaden für Zuckerfabriks=Chemiker  |f A. Stift 
210 |a Wien  |c Verlag des Centralvereines für Rübenzucker-Industrie in der Oesterr-ungar Monarchie  |d 1900 
215 |a 168 с.  |c il. 
320 |a Sachregister: p. 161-168. 
610 1 |a химическая технология 
610 1 |a сахар 
610 1 |a сахара 
610 1 |a сахарные заводы 
610 1 |a свеклосахарное производство 
610 1 |a сырье 
610 1 |a оборудование 
610 1 |a лабораторные испытания 
610 1 |a лабораторные исследования 
610 1 |a немецкий язык 
675 |a 664  |v 3 
700 1 |a Stift  |b A.  |g Anton 
801 1 |a RU  |b 63413507  |c 20100119 
801 2 |a RU  |b 63413507  |c 20100412  |g RCR 
942 |c BK